[Event "21st Open"]
[Site "Oberwart"]
[Date "1999.07.14"]
[Round "5.18"]
[White "SCHEIN, Karl-Heinz"]
[Black "GLADYSZEV, Oleg"]
[Result "0-1"]
[WhiteElo "2229"]
[BlackElo "2329"]
[PlyCount "114"]
[EventDate "1999.07.14"]

1. e4 c5 2. Nf3 e6 3. d3 Nc6 4. g3 g6 5. Bg2 Bg7 6. O-O Nge7 7. Re1 O-O 8. c3
a6 9. Nbd2 Qc7 10. Qe2 d6 11. Nf1 b5 12. h4 Rb8 13. N1h2 a5 14. Be3 h6 15. Qd2
Kh7 16. Ng4 Ng8 17. d4 e5 18. Ngh2 c4 19. Rad1 exd4 20. Nxd4 Ne5 21. f4 Nd3 22.
Rf1 Nf6 23. Qe2 Bd7 24. Rxd3 cxd3 25. Qxd3 Qc4 26. Qxc4 bxc4 27. Bc1 Rfe8 28.
Re1 Re7 29. Nf1 Nd5 30. Rd1 Ba4 31. Rd2 Nf6 32. Re2 Nd7 33. Nd2 Rc8 34. Bh3 Rc7
35. h5 Nc5 36. hxg6+ fxg6 37. b3 cxb3 38. axb3 Bxd4+ 39. cxd4 Nxb3 40. Nxb3
Bxb3 41. Ba3 Bd5 42. e5 Rc3 43. Bxd6 Rb7 44. Kh2 Rbb3 45. Bg2 Bc4 46. Ra2 Rb5
47. Rd2 a4 48. Bc6 Rb1 49. Bxa4 Bd5 50. Rg2 Rcc1 51. g4 Bxg2 52. f5 Bc6 53.
Bxc6 Rxc6 54. Bc5 gxf5 55. gxf5 Rf1 56. f6 Rxc5 57. dxc5 Re1 0-1

[Event "21st Open"]
[Site "Oberwart"]
[Date "1999.07.14"]
[Round "5.19"]
[White "KUMMER, Helmut"]
[Black "KUBA, Guenter"]
[Result "1-0"]
[WhiteElo "2321"]
[BlackElo "2238"]
[PlyCount "93"]
[EventDate "1999.07.14"]

1. d4 d5 2. c4 e6 3. Nc3 Nf6 4. Bg5 Be7 5. e3 Nbd7 6. Nf3 O-O 7. Qc2 b6 8. cxd5
exd5 9. Bd3 Bb7 10. O-O Re8 11. Rac1 h6 12. Bf4 a6 13. Rfd1 Bf8 14. Bf5 g6 15.
Bxg6 fxg6 16. Qxg6+ Kh8 17. Bxh6 Bxh6 18. Qxh6+ Nh7 19. Ne2 Rc8 20. Rc3 Qf6 21.
Qxf6+ Nhxf6 22. Ng5 c5 23. dxc5 Rxc5 24. Nf7+ Kg8 25. Nd6 Rb8 26. f3 Ne5 27.
Rdc1 Nfd7 28. Nf4 Nf7 29. Nxb7 Rxb7 30. b4 Rxc3 31. Rxc3 Nf6 32. Rc6 Kg7 33.
Ne6+ Kg6 34. Kf2 Ne5 35. Nf4+ Kf7 36. Rc1 a5 37. b5 Ke7 38. g4 Kd6 39. h4 Nc4
40. g5 Nd7 41. h5 Nce5 42. h6 Nf8 43. Rd1 Ke7 44. Rxd5 Nf7 45. g6 Nxh6 46. Rh5
Ng8 47. Rh7+ 1-0

[Event "21st Open"]
[Site "Oberwart"]
[Date "1999.07.14"]
[Round "5.20"]
[White "KORPICS, Zsolt"]
[Black "CSONKA, Attila"]
[Result "1/2-1/2"]
[WhiteElo "2310"]
[BlackElo "2225"]
[PlyCount "37"]
[EventDate "1999.07.14"]

1. e4 c5 2. Nf3 e6 3. Nc3 Nc6 4. d4 cxd4 5. Nxd4 Nf6 6. Ndb5 d6 7. Bf4 e5 8.
Bg5 a6 9. Na3 b5 10. Bxf6 gxf6 11. Nd5 Bg7 12. c3 f5 13. exf5 Bxf5 14. Nc2 Be6
15. Nce3 O-O 16. Bd3 f5 17. Qh5 e4 18. Bc2 Ne5 19. O-O {.} 1/2-1/2

[Event "21st Open"]
[Site "Oberwart"]
[Date "1999.07.14"]
[Round "5.21"]
[White "PETROCZI, Thomas"]
[Black "KOSTIC, Vladimir"]
[Result "0-1"]
[WhiteElo "2140"]
[BlackElo "2402"]
[PlyCount "58"]
[EventDate "1999.07.14"]

1. g3 Nf6 2. Bg2 d5 3. d3 b6 4. b3 Bb7 5. Bb2 Nbd7 6. c4 e6 7. e3 c5 8. Ne2 Qc7
9. O-O Be7 10. Nd2 O-O 11. Qc2 Rac8 12. h3 Ne8 13. f4 Nd6 14. e4 d4 15. a3 Kh8
16. Nf3 f5 17. e5 Nf7 18. h4 Nh6 19. Bc1 Ng4 20. Bd2 h6 21. b4 Rg8 22. Nh2 Bxg2
23. Kxg2 Qc6+ 24. Kg1 Nxh2 25. Kxh2 g5 26. hxg5 hxg5 27. Rh1 Kg7 28. Kg1 Rh8
29. Rxh8 Rxh8 0-1

[Event "21st Open"]
[Site "Oberwart"]
[Date "1999.07.14"]
[Round "5.22"]
[White "GALAVICS, Hermann"]
[Black "LENDWAI, Reinhard"]
[Result "0-1"]
[WhiteElo "2165"]
[BlackElo "2371"]
[PlyCount "60"]
[EventDate "1999.07.14"]

1. d4 Nf6 2. c4 e6 3. Nf3 c5 4. d5 exd5 5. cxd5 d6 6. Nc3 a6 7. a4 g6 8. e4 Bg4
9. Be2 Bxf3 10. Bxf3 Bg7 11. O-O O-O 12. Bf4 Ne8 13. Qc2 Nd7 14. Be2 Rc8 15. a5
Rb8 16. Rfe1 Qe7 17. Bf1 Nc7 18. Bd2 Rfe8 19. Ra2 Bd4 20. Bd3 Qh4 21. g3 Qf6
22. Nd1 Ne5 23. Be2 Nf3+ 24. Bxf3 Qxf3 25. Ra3 Qh5 26. Kg2 Re7 27. f3 Rbe8 28.
Rf1 Nxd5 29. exd5 Re2+ 30. Nf2 Bxf2 0-1

[Event "21st Open"]
[Site "Oberwart"]
[Date "1999.07.14"]
[Round "5.23"]
[White "GOMBOC, Miha"]
[Black "GAERTNER, Guntram"]
[Result "1/2-1/2"]
[WhiteElo "2117"]
[BlackElo "2336"]
[PlyCount "84"]
[EventDate "1999.07.14"]

1. e4 c6 2. d4 d5 3. Nc3 g6 4. Nf3 Bg7 5. h3 Nh6 6. Bf4 dxe4 7. Nxe4 Nf5 8. c3
O-O 9. Bd3 Nd6 10. Nxd6 exd6 11. O-O h6 12. d5 cxd5 13. Bc2 Be6 14. Bb3 Qb6 15.
Bxd5 Bxd5 16. Qxd5 Qxb2 17. Bxd6 Rd8 18. Rab1 Qxc3 19. Rxb7 Qf6 20. Rxf7 Qxd6
21. Rxg7+ Kxg7 22. Qxa8 Nc6 23. Qb7+ Rd7 24. Qb2+ Qf6 25. Qxf6+ Kxf6 26. Rb1
Nd4 27. Nxd4 Rxd4 28. Rb3 Rd1+ 29. Kh2 Rd2 30. Ra3 Rxf2 31. Rxa7 Rc2 32. Ra6+
Kg7 33. Ra8 h5 34. h4 Rc4 35. Kh3 Rc3+ 36. Kh2 Rc4 37. Kg3 Rc3+ 38. Kf2 Rc2+
39. Kf1 Rc1+ 40. Kf2 Rc2+ 41. Kg3 Rc3+ 42. Kh2 Rc4 1/2-1/2

[Event "21st Open"]
[Site "Oberwart"]
[Date "1999.07.14"]
[Round "5.24"]
[White "POSTL, Anton"]
[Black "ARWANITAKIS, Michael"]
[Result "0-1"]
[WhiteElo "2303"]
[BlackElo "2155"]
[PlyCount "74"]
[EventDate "1999.07.14"]

1. Nf3 Nf6 2. g3 g6 3. Bg2 Bg7 4. O-O O-O 5. c4 d6 6. d4 Nc6 7. d5 Na5 8. Nfd2
c5 9. Nc3 e5 10. a3 b6 11. b4 Nb7 12. Bb2 Ng4 13. h3 Nh6 14. e3 f5 15. f4 Bd7
16. Nb3 Nf7 17. b5 h6 18. Qd2 g5 19. a4 a5 20. bxa6 Rxa6 21. Nb5 h5 22. Bc3 h4
23. gxh4 gxf4 24. exf4 Qxh4 25. Nc7 Rxa4 26. Ne6 Rfa8 27. Nxg7 Kxg7 28. fxe5
Nxe5 29. Rf4 Rxa1+ 30. Nxa1 Qh5 31. Qe1 Ra2 32. Bxe5+ dxe5 33. Qxe5+ Kf7 34.
Rf3 Qg5 35. Rg3 Rxa1+ 36. Kh2 Qf6 37. Qc7 Qd6 0-1

[Event "21st Open"]
[Site "Oberwart"]
[Date "1999.07.14"]
[Round "5.26"]
[White "STRAUSS, Anton"]
[Black "KREBS, Johann"]
[Result "1/2-1/2"]
[WhiteElo "2267"]
[BlackElo "2130"]
[PlyCount "120"]
[EventDate "1999.07.14"]

1. e4 c5 2. d4 cxd4 3. c3 dxc3 4. Nxc3 Nc6 5. Nf3 d6 6. Bc4 e6 7. O-O Be7 8.
Qe2 a6 9. Rd1 Bd7 10. Bf4 e5 11. Be3 Nf6 12. Rac1 O-O 13. h3 Rc8 14. Bb3 Na5
15. Bd5 b5 16. a3 Nxd5 17. Nxd5 Nc4 18. b3 Nxe3 19. Rxc8 Bxc8 20. Qxe3 Re8 21.
Qa7 Qd7 22. Qxd7 Bxd7 23. Nxe7+ Rxe7 24. Rxd6 f5 25. Rxa6 h6 26. Ra7 fxe4 27.
Nd2 e3 28. fxe3 Kf7 29. Ne4 Bc6 30. Rxe7+ Kxe7 31. Nc3 Kd6 32. b4 Bd7 33. Kf2
Kc6 34. Kf3 Bf5 35. g4 Bd3 36. h4 Bc2 37. Kg3 Bd3 38. Kf2 Bg6 39. Kf3 Bd3 40.
e4 Bc4 41. Ke3 g5 42. h5 Bb3 43. Kf3 Bc2 44. Ke2 Bb3 45. Nd1 Bc2 46. Nf2 Kd6
47. Kd2 Bb3 48. Nd1 Ba2 49. Ne3 Bb1 50. Nf5+ Ke6 51. Ke3 Bc2 52. Nxh6 Bd1 53.
Nf5 Bxg4 54. h6 Bxf5 55. exf5+ Kf6 56. Kf3 Kf7 57. Ke4 g4 58. Ke3 Kf6 59. Ke4
Kf7 60. Ke3 Kf6 1/2-1/2

[Event "21st Open"]
[Site "Oberwart"]
[Date "1999.07.14"]
[Round "5.27"]
[White "SEEL, Christian"]
[Black "NIELSEN, Max"]
[Result "1/2-1/2"]
[WhiteElo "2116"]
[BlackElo "2256"]
[PlyCount "60"]
[EventDate "1999.07.14"]

1. Nf3 Nf6 2. c4 g6 3. g3 Bg7 4. Bg2 O-O 5. O-O d6 6. Nc3 e5 7. d3 Nc6 8. Bg5
h6 9. Bxf6 Bxf6 10. Rb1 a5 11. a3 Bg7 12. b4 axb4 13. axb4 f5 14. Nd2 Ne7 15.
Qb3 c6 16. b5 Be6 17. bxc6 bxc6 18. Ra1 Rb8 19. Qa3 d5 20. cxd5 cxd5 21. Rfb1
Rxb1+ 22. Rxb1 e4 23. Rb7 Nc6 24. Qc5 Qc8 25. Rxg7+ Kxg7 26. Nxd5 Bxd5 27. Qxd5
Rd8 28. Qc5 Qe6 29. dxe4 fxe4 30. Qc3+ Kh7 {.} 1/2-1/2

[Event "21st Open"]
[Site "Oberwart"]
[Date "1999.07.14"]
[Round "5.28"]
[White "HALSER, Walter"]
[Black "SULYOK, Michael"]
[Result "1/2-1/2"]
[WhiteElo "2104"]
[BlackElo "2253"]
[PlyCount "42"]
[EventDate "1999.07.14"]

1. e4 g6 2. d4 Bg7 3. c4 Nc6 4. Nf3 e5 5. dxe5 Nxe5 6. Nc3 d6 7. Nxe5 dxe5 8.
Qxd8+ Kxd8 9. Bg5+ f6 10. O-O-O+ Bd7 11. Be3 Bh6 12. Bxh6 Nxh6 13. g3 Kc8 14.
Be2 Rd8 15. f3 Be6 16. c5 c6 17. b3 Kc7 18. Kc2 Nf7 19. h4 Rxd1 20. Rxd1 Rd8
21. Rxd8 Nxd8 {.} 1/2-1/2

[Event "21st Open"]
[Site "Oberwart"]
[Date "1999.07.14"]
[Round "5.29"]
[White "HERBST, Daniel"]
[Black "PETSCHAR, Kurt"]
[Result "0-1"]
[WhiteElo "2103"]
[BlackElo "2250"]
[PlyCount "58"]
[EventDate "1999.07.14"]

1. e4 c5 2. Nc3 Nc6 3. f4 e6 4. Nf3 d5 5. Bb5 Nge7 6. Qe2 dxe4 7. Nxe4 a6 8.
Bxc6+ Nxc6 9. d3 Be7 10. O-O Nd4 11. Qf2 b6 12. Be3 Nf5 13. Ng3 Nxg3 14. Qxg3
O-O 15. Ne5 Bb7 16. f5 Bh4 17. Qg4 exf5 18. Qc4 b5 19. Qf4 Qd5 20. Nf3 Bf6 21.
Ne1 Bxb2 22. c4 bxc4 23. Rb1 c3 24. Qxf5 Qxa2 25. Nc2 Qd5 26. Qf2 Rac8 27. Rfd1
Rc6 28. Ne1 Rf6 29. Qc2 Re8 0-1

[Event "21st Open"]
[Site "Oberwart"]
[Date "1999.07.14"]
[Round "5.30"]
[White "DEUTSCHMANN, Robert Peter"]
[Black "AMANN, Guenter"]
[Result "0-1"]
[WhiteElo "2094"]
[BlackElo "2247"]
[PlyCount "66"]
[EventDate "1999.07.14"]

1. d4 d5 2. c4 dxc4 3. Nf3 Nf6 4. Nc3 c6 5. a4 Bf5 6. e3 e6 7. Bxc4 Bb4 8. O-O
Nbd7 9. Nh4 Bg4 10. Qb3 Qb6 11. f3 Bh5 12. g4 Bg6 13. Rd1 O-O 14. e4 e5 15. Be3
Rad8 16. Kh1 exd4 17. Bxd4 Nc5 18. Bxc5 Rxd1+ 19. Rxd1 Qxc5 20. Kg2 Ba5 21. Qa2
Bc7 22. b3 Qe5 23. Nxg6 hxg6 24. Rd3 Qxh2+ 25. Kf1 Qh1+ 26. Ke2 a6 27. Qd2 b5
28. axb5 axb5 29. Bxb5 cxb5 30. Nxb5 Ra8 31. Qe1 Ra2+ 32. Rd2 Qxe1+ 33. Kxe1
Ba5 0-1

[Event "21st Open"]
[Site "Oberwart"]
[Date "1999.07.15"]
[Round "6.1"]
[White "LOGINOV, Valery"]
[Black "EINGORN, Vereslav"]
[Result "1/2-1/2"]
[WhiteElo "2530"]
[BlackElo "2589"]
[PlyCount "32"]
[EventDate "1999.07.15"]

1. Nf3 c5 2. g3 g6 3. Bg2 Bg7 4. d4 cxd4 5. Nxd4 Nc6 6. Nxc6 bxc6 7. O-O Nf6 8.
c4 O-O 9. Nc3 Rb8 10. b3 c5 11. Bd2 d6 12. Qc1 Re8 13. Qa3 a6 14. Rad1 Qc7 15.
Rfe1 Bb7 16. Nd5 Nxd5 {.} 1/2-1/2

[Event "21st Open"]
[Site "Oberwart"]
[Date "1999.07.15"]
[Round "6.4"]
[White "LERNER, Konstantin"]
[Black "BALINOV, Ilia"]
[Result "1-0"]
[WhiteElo "2588"]
[BlackElo "2448"]
[PlyCount "81"]
[EventDate "1999.07.15"]

1. Nf3 Nf6 2. c4 g6 3. Nc3 d5 4. cxd5 Nxd5 5. Qb3 Nb6 6. d4 Be6 7. Qc2 Nc6 8.
e4 f5 9. Bb5 fxe4 10. Ne5 Bd5 11. Nxe4 Bg7 12. Nxc6 bxc6 13. Bxc6+ Bxc6 14.
Qxc6+ Qd7 15. Qxd7+ Nxd7 16. Be3 Rb8 17. O-O-O O-O 18. Rhe1 Rf5 19. Re2 Ra5 20.
Kb1 Nf6 21. Nxf6+ Bxf6 22. Rc1 Rb7 23. b3 Rd5 24. Rec2 Rd7 25. Rc5 Kf7 26. d5
Ke8 27. Ra5 a6 28. Rc6 Rb5 29. Rxb5 axb5 30. Rc5 b4 31. Kc2 Rd6 32. Bd2 Bd4 33.
Rxc7 Ra6 34. Bxb4 Rxa2+ 35. Kd3 Bf6 36. Bc5 Kd8 37. Ra7 Rb2 38. b4 Rb1 39. Kc4
Rd1 40. Kb5 Rxd5 41. Kc6 1-0

[Event "21st Open"]
[Site "Oberwart"]
[Date "1999.07.15"]
[Round "6.5"]
[White "KOVACS, Gabor"]
[Black "BURMAKIN, Vladimir"]
[Result "0-1"]
[WhiteElo "2331"]
[BlackElo "2579"]
[PlyCount "108"]
[EventDate "1999.07.15"]

1. d4 d5 2. Nf3 c6 3. Bf4 Bf5 4. e3 e6 5. Be2 Bd6 6. Bxd6 Qxd6 7. O-O Nd7 8. c4
Ngf6 9. Nc3 O-O 10. Rc1 Bg4 11. cxd5 exd5 12. Ne1 Bxe2 13. Qxe2 Rae8 14. Nd3
Ne4 15. Nxe4 Rxe4 16. Qd2 Rh4 17. g3 Rh6 18. Nc5 Qc7 19. Nxd7 Qxd7 20. Rc3 Re8
21. f3 Qh3 22. Qg2 Qh5 23. Rf2 Rhe6 24. Re2 Qg5 25. Qf2 h5 26. h4 Qf6 27. f4
Qf5 28. Kg2 Re4 29. Qf3 g6 30. Kf2 Qh3 31. Ke1 Kg7 32. Kd2 R4e6 33. Re1 Qf5 34.
Rec1 Qf6 35. Re1 Re4 36. Re2 c5 37. Rxc5 Rxd4+ 38. Ke1 Rb4 39. Rcc2 Rbe4 40.
Rcd2 Qb6 41. Kf2 d4 42. exd4 Rxe2+ 43. Rxe2 Qxd4+ 44. Kf1 Qc4 45. b3 Qxe2+ 46.
Qxe2 Rxe2 47. Kxe2 Kf6 48. Ke3 Kf5 49. Kf3 b6 50. Ke3 Kg4 51. Kf2 Kh3 52. Kf3
Kh2 53. Kf2 f5 54. b4 b5 0-1

[Event "21st Open"]
[Site "Oberwart"]
[Date "1999.07.15"]
[Round "6.6"]
[White "MALAKHOV, Vladimir"]
[Black "ZSINKA, Laszlo"]
[Result "1-0"]
[WhiteElo "2570"]
[BlackElo "2329"]
[PlyCount "87"]
[EventDate "1999.07.15"]

1. e4 e5 2. Nf3 Nc6 3. Nc3 g6 4. d4 exd4 5. Nxd4 Bg7 6. Be3 Nf6 7. Qd2 O-O 8.
O-O-O Re8 9. f3 d5 10. Nxc6 bxc6 11. Bh6 Be6 12. Bxg7 Kxg7 13. exd5 Bxd5 14.
Bd3 Rb8 15. h4 h5 16. Kb1 Qe7 17. Ne2 Qc5 18. Qc3 Qxc3 19. Nxc3 c5 20. Rhe1 c6
21. Rxe8 Rxe8 22. Kc1 Rb8 23. a3 Re8 24. b3 Re5 25. Ne2 Be6 26. c4 Bd7 27. Nf4
Re3 28. Bc2 Re7 29. Nd3 Bf5 30. Nxc5 Bxc2 31. Kxc2 Re2+ 32. Rd2 Re3 33. Kd1 a5
34. Re2 Re8 35. Rxe8 Nxe8 36. Nb7 a4 37. bxa4 Kf6 38. Kd2 Ke5 39. Ke3 Nc7 40.
Nc5 f6 41. a5 g5 42. hxg5 fxg5 43. a6 h4 44. a7 1-0

[Event "21st Open"]
[Site "Oberwart"]
[Date "1999.07.15"]
[Round "6.7"]
[White "CVITAN, Ognjen"]
[Black "KUMMER, Helmut"]
[Result "1-0"]
[WhiteElo "2511"]
[BlackElo "2321"]
[PlyCount "82"]
[EventDate "1999.07.15"]

1. c4 c6 2. e4 e5 3. Nf3 d6 4. d4 Nd7 5. Nc3 Ngf6 6. Be2 Be7 7. O-O O-O 8. Be3
Re8 9. d5 c5 10. Ne1 Nf8 11. Nd3 Ng6 12. h3 a6 13. a4 a5 14. Qd2 b6 15. Rae1
Bd7 16. b3 Qc7 17. Kh2 Rf8 18. f3 Rae8 19. Bd1 h6 20. Bc2 Nh7 21. g3 Qc8 22.
Qg2 Ng5 23. Nf2 Nh7 24. f4 f5 25. Nd3 exf4 26. Nxf4 Nxf4 27. Bxf4 g5 28. Bd2
Bf6 29. exf5 Rxe1 30. Bxe1 Be5 31. Qf3 Nf6 32. Kg2 Kg7 33. Bd2 Re8 34. Re1 Bd4
35. Re6 Bxe6 36. fxe6 Re7 37. Qf5 Qh8 38. Nb5 Be5 39. Nxd6 Bd4 40. Qg6+ Kf8 41.
Nf5 Rh7 1-0

[Event "21st Open"]
[Site "Oberwart"]
[Date "1999.07.15"]
[Round "6.9"]
[White "MARTINOVIC, Slobodan"]
[Black "IVANCSICS, Michael"]
[Result "1-0"]
[WhiteElo "2445"]
[BlackElo "2248"]
[PlyCount "71"]
[EventDate "1999.07.15"]

1. Nf3 g6 2. e4 Bg7 3. d4 c6 4. c3 d5 5. Nbd2 Nh6 6. Bd3 O-O 7. O-O f6 8. c4
dxe4 9. Bxe4 Nf7 10. Re1 e5 11. dxe5 fxe5 12. b3 Na6 13. Qe2 Nc5 14. Qe3 Nxe4
15. Nxe4 Bg4 16. Ba3 Re8 17. h3 Bxf3 18. Qxf3 Ng5 19. Qc3 Nxe4 20. Rxe4 Qf6 21.
Rae1 Re6 22. Bb2 g5 23. Qg3 Rae8 24. h4 gxh4 25. Rxh4 Qf5 26. Rhe4 Rg6 27. Qd3
Qg5 28. g3 h5 29. Bxe5 Rd8 30. Qe3 Qf5 31. Bxg7 Rxg7 32. Re8+ Rxe8 33. Qxe8+
Kh7 34. Re5 Qf7 35. Rxh5+ Kg6 36. Qe5 1-0

[Event "21st Open"]
[Site "Oberwart"]
[Date "1999.07.15"]
[Round "6.10"]
[White "GLADYSZEV, Oleg"]
[Black "DANNER, Georg"]
[Result "1/2-1/2"]
[WhiteElo "2329"]
[BlackElo "2405"]
[PlyCount "22"]
[EventDate "1999.07.15"]

1. d4 Nf6 2. c4 e6 3. Nc3 Bb4 4. Qc2 O-O 5. a3 Bxc3+ 6. Qxc3 Ne4 7. Qc2 f5 8.
g3 Nc6 9. Nf3 Qf6 10. Be3 d6 11. Bg2 e5 {.} 1/2-1/2

[Event "21st Open"]
[Site "Oberwart"]
[Date "1999.07.15"]
[Round "6.11"]
[White "DVOIRYS, Semen"]
[Black "SANDHU, Mario"]
[Result "1-0"]
[WhiteElo "2590"]
[BlackElo "2248"]
[PlyCount "65"]
[EventDate "1999.07.15"]

1. e4 c6 2. Nc3 d5 3. Qe2 dxe4 4. Nxe4 Nf6 5. Nxf6+ gxf6 6. Nf3 Bg4 7. h3 Bh5
8. Qe3 Nd7 9. d4 Nb6 10. Nh4 e6 11. c3 Nd5 12. Qd3 Qc7 13. g3 O-O-O 14. Bg2 Bd6
15. Bd2 Rhg8 16. Qxh7 Bxg3 17. Qxh5 Bxh4 18. Bxd5 Bxf2+ 19. Kxf2 Rxd5 20. Qh4
Rf5+ 21. Ke2 Rg2+ 22. Kd3 Rf3+ 23. Kc2 Qa5 24. Rad1 Qf5+ 25. Kc1 Rff2 26. Qh6
b5 27. Qf8+ Kb7 28. Qxf7+ Ka6 29. Qd7 Qe4 30. d5 Qxd5 31. Qc8+ Ka5 32. b4+ Kb6
33. Be3+ 1-0

[Event "21st Open"]
[Site "Oberwart"]
[Date "1999.07.15"]
[Round "6.12"]
[White "AMANN, Guenter"]
[Black "FARAGO, Ivan"]
[Result "0-1"]
[WhiteElo "2247"]
[BlackElo "2512"]
[PlyCount "50"]
[EventDate "1999.07.15"]

1. Nf3 Nf6 2. d4 e6 3. g3 c5 4. Bg2 Qb6 5. O-O Nc6 6. dxc5 Bxc5 7. Nbd2 d5 8.
Nb3 Be7 9. Be3 Qc7 10. Rc1 e5 11. Bc5 Bxc5 12. Nxc5 O-O 13. c4 d4 14. a3 b6 15.
Na4 Bd7 16. b4 Rac8 17. Re1 Rfd8 18. e4 dxe3 19. Rxe3 e4 20. Nd2 Bf5 21. Nc3
Ne5 22. Qc2 Nxc4 23. Ncxe4 Nxe3 24. Qxc7 Rxc7 25. Rxc7 Nxe4 0-1

[Event "21st Open"]
[Site "Oberwart"]
[Date "1999.07.15"]
[Round "6.13"]
[White "BECK, Hartmuth"]
[Black "WEISS, Christian"]
[Result "1/2-1/2"]
[WhiteElo "2235"]
[BlackElo "2444"]
[PlyCount "62"]
[EventDate "1999.07.15"]

1. d4 Nf6 2. c4 c5 3. d5 b5 4. cxb5 a6 5. bxa6 Bxa6 6. b3 g6 7. Bb2 Bg7 8. g3
O-O 9. Bg2 d6 10. Nh3 Qb6 11. Bc3 Nbd7 12. O-O Rfb8 13. Nf4 Ne8 14. Bxg7 Nxg7
15. Nd2 Ne5 16. Re1 Nf5 17. Be4 Nd4 18. e3 Nb5 19. h4 Nc3 20. Qc2 Nxe4 21. Qxe4
Qa5 22. Red1 Qa3 23. Qc2 c4 24. Qc1 Qa5 25. Nxc4 Bxc4 26. bxc4 Rc8 27. Qb2 Rxc4
28. Kg2 h6 29. Rd4 Ra4 30. Nd3 Nxd3 31. Rxd3 Rxa2 {.} 1/2-1/2

[Event "21st Open"]
[Site "Oberwart"]
[Date "1999.07.15"]
[Round "6.14"]
[White "KOUTSIN, Sergej"]
[Black "HANSEN, Kay"]
[Result "1/2-1/2"]
[WhiteElo "2415"]
[BlackElo "2240"]
[PlyCount "70"]
[EventDate "1999.07.15"]

1. d4 d5 2. c4 c6 3. Nf3 Nf6 4. cxd5 cxd5 5. Nc3 e6 6. Bg5 Be7 7. e3 O-O 8. Bd3
Nc6 9. O-O h6 10. Bh4 Ne8 11. Bxe7 Qxe7 12. Ne5 Bd7 13. f4 Nd6 14. Rf3 Be8 15.
g4 f5 16. Rg3 Ne4 17. Bxe4 fxe4 18. Nxc6 Bxc6 19. g5 hxg5 20. Rxg5 Rf5 21. h4
Raf8 22. Rc1 R8f7 23. Rc2 Rxg5+ 24. hxg5 g6 25. Rh2 Rh7 26. Qd2 Rxh2 27. Qxh2
Qb4 28. Qd2 a5 29. Kf2 Bb5 30. a3 Qc4 31. Nxb5 Qxb5 32. Qc3 Kf7 33. b3 Qb6 34.
Qc8 Ke7 35. a4 Qb4 {.} 1/2-1/2

[Event "21st Open"]
[Site "Oberwart"]
[Date "1999.07.15"]
[Round "6.15"]
[White "KOSTIC, Vladimir"]
[Black "SOMOGYI, Istvan"]
[Result "1-0"]
[WhiteElo "2402"]
[BlackElo "2238"]
[PlyCount "87"]
[EventDate "1999.07.15"]

1. d4 Nf6 2. c4 e6 3. Nf3 b6 4. g3 Ba6 5. Qa4 c5 6. dxc5 Bxc5 7. Bg2 Bb7 8. O-O
O-O 9. Nc3 Be7 10. Bf4 a6 11. Rfd1 d6 12. Qb3 Qc7 13. Rac1 Nbd7 14. Qa3 Nc5 15.
b4 Ncd7 16. Na4 e5 17. c5 dxc5 18. Nxe5 Nxe5 19. Bxe5 Qxe5 20. Bxb7 Ra7 21. Bf3
cxb4 22. Qb3 Bc5 23. Qc4 Nd7 24. Rd5 Qe7 25. Qf4 Qe6 26. Rcd1 g6 27. Bg4 f5 28.
Bf3 Nf6 29. Nxc5 bxc5 30. Rd6 Qe7 31. Qc4+ Kg7 32. Qxc5 a5 33. Qd4 Kg8 34. Bc6
Rc7 35. Ba4 h5 36. Qb6 Ra7 37. Re6 Qg7 38. Rdd6 Raf7 39. Bb3 Kh7 40. Qxa5 Ne4
41. Rxg6 Qa1+ 42. Rd1 Qxd1+ 43. Bxd1 Kxg6 44. Qxb4 1-0

[Event "21st Open"]
[Site "Oberwart"]
[Date "1999.07.15"]
[Round "6.16"]
[White "LENDWAI, Reinhard"]
[Black "WUKITS, Rene"]
[Result "0-1"]
[WhiteElo "2371"]
[BlackElo "2225"]
[PlyCount "92"]
[EventDate "1999.07.15"]

1. e4 c5 2. Ne2 d6 3. Nbc3 g6 4. g3 Bg7 5. Bg2 Nc6 6. d3 e6 7. Be3 Nd4 8. Nf4
Ne7 9. Qd2 Rb8 10. O-O b5 11. Nd1 b4 12. c3 bxc3 13. bxc3 Ndc6 14. d4 cxd4 15.
cxd4 Ba6 16. Re1 O-O 17. Rc1 Rb7 18. e5 dxe5 19. Nxe6 fxe6 20. Bxc6 Rc7 21. Bg5
Qxd4 22. Qxd4 exd4 23. Rxe6 Nxc6 24. Rcxc6 Rxc6 25. Rxc6 Be2 26. Rc1 d3 27. Be3
d2 28. Bxd2 Rd8 29. Be3 Bxd1 30. Bxa7 Bb2 31. Rb1 Bf3 32. a4 Ra8 33. Rxb2 Rxa7
34. Rb3 Bd1 35. Rd3 Bxa4 36. f3 Bb5 37. Rb3 Bc4 38. Rc3 Bd5 39. Rd3 Be6 40. Rd6
Kf7 41. Rd2 Ra1+ 42. Kf2 Ra2 43. Rxa2 Bxa2 44. g4 Kf6 45. Kg3 Ke5 46. f4+ Ke4
0-1

[Event "21st Open"]
[Site "Oberwart"]
[Date "1999.07.15"]
[Round "6.17"]
[White "CSONKA, Attila"]
[Black "JURKOVIC, Hrvoje"]
[Result "0-1"]
[WhiteElo "2225"]
[BlackElo "2370"]
[PlyCount "76"]
[EventDate "1999.07.15"]

1. e4 c5 2. Nf3 a6 3. d4 cxd4 4. Nxd4 Nf6 5. Nc3 e5 6. Nf3 Bb4 7. Bd2 Nc6 8.
Bc4 d6 9. h3 O-O 10. Qe2 Nd4 11. Nxd4 exd4 12. Nd5 Bxd2+ 13. Qxd2 Nxe4 14. Qxd4
Re8 15. O-O-O b5 16. Bd3 Nc5 17. f4 Be6 18. f5 Bxd5 19. Qxd5 Qf6 20. Rhe1 Red8
21. Be4 Rac8 22. Qd4 Nxe4 23. Qxe4 h5 24. Qf3 h4 25. Re2 Rc4 26. Qh5 Rc5 27.
Rde1 Re5 28. Rxe5 dxe5 29. Re4 Qd6 30. b3 Qd2+ 31. Kb1 Rc8 32. Qe2 Rxc2 33.
Qxd2 Rxd2 34. Rxe5 Rxg2 35. Re8+ Kh7 36. Re4 Kh6 37. Re7 f6 38. Ra7 Rh2 0-1

[Event "21st Open"]
[Site "Oberwart"]
[Date "1999.07.15"]
[Round "6.18"]
[White "WITTMANN, Walter"]
[Black "NEUSSNER, Siegfried"]
[Result "1-0"]
[WhiteElo "2364"]
[BlackElo "2190"]
[PlyCount "92"]
[EventDate "1999.07.15"]

1. e4 e5 2. Nf3 Nc6 3. Bb5 a6 4. Bxc6 dxc6 5. O-O Qd6 6. Na3 Be6 7. Qe2 O-O-O
8. Nc4 Bxc4 9. Qxc4 f6 10. d3 Ne7 11. b4 g5 12. a4 Ng6 13. b5 axb5 14. axb5 c5
15. Be3 Nf4 16. Ra7 Qe6 17. Qxe6+ Nxe6 18. Nd2 Be7 19. Nc4 Rde8 20. b6 Nd8 21.
Rb1 Nc6 22. Ra4 Kd7 23. c3 Ra8 24. Rxa8 Rxa8 25. bxc7 Kxc7 26. Nb6 Ra5 27. g3
Nd8 28. Nd5+ Kd7 29. Rb6 Ra6 30. Rxa6 bxa6 31. Nxe7 Kxe7 32. Bxc5+ Ke6 33. f3
f5 34. Kf2 g4 35. fxg4 fxg4 36. d4 exd4 37. cxd4 Nf7 38. Ke3 Ng5 39. Kf4 Nf3
40. h3 Nd2 41. hxg4 a5 42. d5+ Kf7 43. e5 a4 44. e6+ Ke8 45. d6 Nc4 46. d7+ Kd8
1-0

[Event "21st Open"]
[Site "Oberwart"]
[Date "1999.07.15"]
[Round "6.19"]
[White "ARWANITAKIS, Michael"]
[Black "LAKOS, Nikoletta"]
[Result "1/2-1/2"]
[WhiteElo "2155"]
[BlackElo "2335"]
[PlyCount "51"]
[EventDate "1999.07.15"]

1. e4 g6 2. d4 Bg7 3. Nc3 c6 4. Nf3 d5 5. h3 dxe4 6. Nxe4 Nd7 7. Bc4 Ngf6 8.
Nxf6+ Nxf6 9. O-O O-O 10. Re1 e6 11. a4 b6 12. Bf4 Bb7 13. Qe2 a6 14. c3 Qe7
15. Rad1 Rfd8 16. Ne5 Nd5 17. Bg3 c5 18. dxc5 bxc5 19. h4 h5 20. a5 Bh6 21. Nd3
Rdc8 22. Qe5 Bg7 23. Qe2 Bf6 24. Ne5 Rd8 25. Rd3 Rac8 26. Rf3 {.} 1/2-1/2

[Event "21st Open"]
[Site "Oberwart"]
[Date "1999.07.15"]
[Round "6.20"]
[White "TSCHOHL, Christof"]
[Black "KORPICS, Zsolt"]
[Result "1/2-1/2"]
[WhiteElo "2117"]
[BlackElo "2310"]
[PlyCount "24"]
[EventDate "1999.07.15"]

1. e4 c5 2. c3 d5 3. exd5 Qxd5 4. d4 Nc6 5. Nf3 Bg4 6. Be2 O-O-O 7. c4 Qd7 8.
d5 Bxf3 9. Bxf3 Nd4 10. O-O e5 11. dxe6 Qxe6 12. Bd5 Qe2 {.} 1/2-1/2

[Event "21st Open"]
[Site "Oberwart"]
[Date "1999.07.15"]
[Round "6.22"]
[White "RUCK, Robert"]
[Black "DEUTSCH, Ludwig"]
[Result "1-0"]
[WhiteElo "2485"]
[BlackElo "2173"]
[PlyCount "111"]
[EventDate "1999.07.15"]

1. d4 Nf6 2. c4 g6 3. Nf3 c5 4. d5 d6 5. Nc3 Bg7 6. g3 Nbd7 7. Bg2 a6 8. a4 Qa5
9. Bd2 Qc7 10. O-O Rb8 11. e4 b6 12. h3 O-O 13. Ne1 e5 14. Nd3 Nh5 15. Kh2 h6
16. Qe2 Re8 17. Rae1 Nf8 18. f4 Nd7 19. Bf3 Nhf6 20. h4 h5 21. f5 Nf8 22. g4
hxg4 23. Bxg4 N8h7 24. Bh3 Bd7 25. Qg2 Kh8 26. Rg1 Rg8 27. Qf3 Rbf8 28. Re2 Qc8
29. Reg2 Nh5 30. Nf2 N5f6 31. Bg5 Nh5 32. Bd2 N5f6 33. Ng4 gxf5 34. Nxf6 Bxf6
35. Bxf5 Bxf5 36. exf5 Rxg2+ 37. Rxg2 Rg8 38. Rxg8+ Qxg8 39. Ne4 Be7 40. Qh5 f6
41. Bh6 Bf8 42. Bxf8 Qxf8 43. Qg6 Qe7 44. h5 Nf8 45. Qxf6+ Qxf6 46. Nxf6 Kg7
47. Ne8+ Kh6 48. Nxd6 Nd7 49. Kg3 Kxh5 50. Kf3 Kg5 51. Ke4 Kf6 52. Nc8 a5 53.
d6 Kg5 54. Ne7 Kf6 55. Nc6 Kg5 56. Nxe5 1-0